000 00508nam a2200181Ia 4500
005 20250326143443.0
008 250326s9999 xx 000 0 und d
037 _aTextbook
040 _aFMSL
_beng
_cFMSL
041 _aeng
_2eng
084 _aY15 P3
_qFMSL
100 _aPandey A K
_9304939
245 0 _aGender equality, development and women empowerment
_cPandey A K
260 _aNew Delhi
_bNew Delhi, Anmol
_c2003
300 _a322p
942 _cTB
_hY15 P3
999 _c1299618
_d1299618